[Event "MCR senioru 2018 nad 70 let"]
[Site "Pelclovo divadlo Rychnov nad K"]
[Date "2018.08.01"]
[Round "5"]
[White "Rucka, Alois"]
[Black "Truksa, Vaclav"]
[Result "1-0"]
[WhiteElo "1933"]
[BlackElo "1801"]
[PlyCount "139"]
[EventDate "2018.07.28"]

1. d4 Nf6 2. c4 g6 3. Nc3 Bg7 4. e4 d6 5. f3 O-O 6. Be3 Na6 7. Qd2 c5 8. Nge2
Bd7 9. Rc1 Qa5 10. Ng3 Rfd8 11. Be2 Qc7 12. O-O Qc8 13. Nd5 Nxd5 14. cxd5 b6
15. f4 Nc7 16. f5 Ne8 17. dxc5 bxc5 18. b4 Ba4 19. bxc5 dxc5 20. Bxc5 Qd7 21.
Bd4 f6 22. Rc5 Nd6 23. Qf4 Bb5 24. Rfc1 Bxe2 25. Nxe2 Rdc8 26. Rxc8+ Rxc8 27.
Rxc8+ Qxc8 28. Nc3 Qc4 29. Qe3 a6 30. Bc5 Nc8 31. Qd4 Qxd4+ 32. Bxd4 gxf5 33.
exf5 Nd6 34. g4 Kf7 35. Bc5 Nc4 36. Ne4 Bf8 37. Kf2 Ne5 38. Kg3 Nc4 39. h3 Ne5
40. Kg2 Nc4 41. Kf1 Ne5 42. Ke2 Bh6 43. Bb4 Bf4 44. Nc5 Ke8 45. Nxa6 Nd7 46.
Kd3 Nb6 47. Ke4 Be5 48. Nc5 Bd6 49. Nd3 Bb8 50. Bc5 Na4 51. Bd4 Bd6 52. h4 Kf7
53. Kf3 Kg8 54. Kg2 Kf7 55. Kf2 Kf8 56. Ke2 Bg3 57. h5 Bc7 58. Kd2 Nb6 59. Bxb6
Bxb6 60. a4 Ba5+ 61. Ke3 Ke8 62. Kd4 Kd7 63. Kc4 Bb6 64. Kb5 Be3 65. a5 Kd6 66.
Kc4 Ba7 67. Nb4 Bc5 68. Nc6 Be3 69. a6 Kc7 70. Nxe7 1-0

[Event "MCR senioru 2018 nad 70 let"]
[Site "Pelclovo divadlo Rychnov nad K"]
[Date "2018.08.01"]
[Round "5"]
[White "Zikmund, Jaroslav"]
[Black "Holecek, Vladimir"]
[Result "1/2-1/2"]
[WhiteElo "1826"]
[BlackElo "1869"]
[PlyCount "31"]
[EventDate "2018.07.28"]

1. d4 d5 2. c4 e6 3. Nc3 Nf6 4. Nf3 Be7 5. e3 O-O 6. Bd3 dxc4 7. Bxc4 Nbd7 8.
O-O c5 9. dxc5 Nxc5 10. b4 Nce4 11. Nxe4 Nxe4 12. Qc2 Nf6 13. a3 Qc7 14. Bb2 b5
15. Bb3 Qxc2 16. Bxc2 1/2-1/2

[Event "MCR senioru 2018 nad 70 let"]
[Site "Pelclovo divadlo Rychnov nad K"]
[Date "2018.08.01"]
[Round "5"]
[White "Martinec, Karel"]
[Black "Just, Pavel"]
[Result "0-1"]
[WhiteElo "1772"]
[BlackElo "1978"]
[PlyCount "72"]
[EventDate "2018.07.28"]

1. Nf3 Nf6 2. g3 b6 3. Bg2 Bb7 4. O-O e6 5. c4 d6 6. d4 Nbd7 7. Nc3 Be7 8. Qc2
O-O 9. e4 e5 10. d5 Nh5 11. Be3 a5 12. Qe2 g6 13. Nd2 Ng7 14. f4 exf4 15. gxf4
Bf6 16. Rac1 Qe7 17. Qf2 Nc5 18. Bxc5 bxc5 19. Qf3 Bd4+ 20. Kh1 f5 21. Rce1 Qf6
22. Qd3 Bxc3 23. bxc3 Rae8 24. Bh3 Bc8 25. exf5 gxf5 26. Nf3 h6 27. Rxe8 Rxe8
28. Re1 Re4 29. Qd2 Ba6 30. Rb1 Bxc4 31. Rb8+ Kh7 32. Rc8 Re2 33. Qd1 Qxc3 34.
Bxf5+ Nxf5 35. Rxc7+ Ng7 36. Ng5+ hxg5 0-1

[Event "MCR senioru 2018 nad 70 let"]
[Site "Pelclovo divadlo Rychnov nad K"]
[Date "2018.08.01"]
[Round "5"]
[White "Stepanek, Josef"]
[Black "Stec, Frantisek"]
[Result "1/2-1/2"]
[WhiteElo "1793"]
[BlackElo "1925"]
[PlyCount "50"]
[EventDate "2018.07.28"]

1. d4 Nf6 2. Nf3 d5 3. Bg5 Nbd7 4. e3 e6 5. Bd3 Be7 6. O-O b6 7. Ne5 Bb7 8. Bb5
O-O 9. Nc6 Bxc6 10. Bxc6 Rb8 11. Bb5 Ne4 12. Bxe7 Qxe7 13. c3 c5 14. Bd3 Ndf6
15. f3 Nd6 16. Nd2 Qb7 17. Re1 Rfe8 18. e4 e5 19. dxe5 dxe4 20. Nxe4 Ndxe4 21.
exf6 Nxf6 22. Bb5 Rxe1+ 23. Qxe1 Qc7 24. Rd1 h6 25. Qd2 Rc8 1/2-1/2

[Event "MCR senioru 2018 nad 70 let"]
[Site "Pelclovo divadlo Rychnov nad K"]
[Date "2018.08.01"]
[Round "5"]
[White "Glembek, Bohumir"]
[Black "Pavlicek, Petr"]
[Result "1/2-1/2"]
[WhiteElo "1785"]
[BlackElo "1898"]
[PlyCount "35"]
[EventDate "2018.07.28"]

1. d4 d5 2. c4 e6 3. Nc3 Be7 4. Nf3 Nf6 5. Bg5 O-O 6. e3 h6 7. Bh4 b6 8. cxd5
Nxd5 9. Bxe7 Qxe7 10. Rc1 Nxc3 11. Rxc3 Bb7 12. Be2 Rc8 13. O-O Nd7 14. a3 c5
15. dxc5 Rxc5 16. Rxc5 Nxc5 17. b4 Ne4 18. Qa1 1/2-1/2

[Event "MCR senioru 2018 nad 70 let"]
[Site "Pelclovo divadlo Rychnov nad K"]
[Date "2018.08.01"]
[Round "5"]
[White "Kotva, Milan"]
[Black "Haderka, Karel"]
[Result "1-0"]
[WhiteElo "1886"]
[BlackElo "1794"]
[PlyCount "70"]
[EventDate "2018.07.28"]

1. e4 e5 2. Nf3 Nc6 3. Bb5 d6 4. c3 Nf6 5. d4 exd4 6. cxd4 Bd7 7. Nc3 a6 8. Be2
Be7 9. O-O O-O 10. a3 Bg4 11. d5 Ne5 12. Nxe5 Bxe2 13. Nxf7 Rxf7 14. Qxe2 Nd7
15. Be3 Bf6 16. Rac1 Qe7 17. f3 Ne5 18. b3 Raf8 19. Qd2 Ng6 20. Ne2 Be5 21. Nd4
Nf4 22. Nf5 Rxf5 23. exf5 Rxf5 24. Rc4 g5 25. Rfc1 Rf7 26. g3 Qf6 27. gxf4 gxf4
28. Bf2 Qf5 29. Rxc7 Rf6 30. Rc8+ Kg7 31. R1c7+ Kh6 32. Rg8 Rg6+ 33. Rxg6+
Qxg6+ 34. Kh1 Qb1+ 35. Qe1 Qxb3 1-0

[Event "MCR senioru 2018 nad 70 let"]
[Site "Pelclovo divadlo Rychnov nad K"]
[Date "2018.08.01"]
[Round "5"]
[White "Havrlik, Pavel"]
[Black "Parpel, Petr"]
[Result "1-0"]
[WhiteElo "1823"]
[BlackElo "1749"]
[PlyCount "27"]
[EventDate "2018.07.28"]

1. c4 Nf6 2. Nc3 c5 3. Nf3 Nc6 4. d4 cxd4 5. Nxd4 Nxd4 6. Qxd4 d6 7. Bg5 Bf5 8.
e4 Bg6 9. Bxf6 gxf6 10. c5 e5 11. Bb5+ Ke7 12. cxd6+ Qxd6 13. Qxd6+ Kxd6 14.
Rd1+ {neèitelný zápis} 1-0

[Event "MCR senioru 2018 nad 70 let"]
[Site "Pelclovo divadlo Rychnov nad K"]
[Date "2018.08.01"]
[Round "5"]
[White "Vesely, Emanuel"]
[Black "Halla, Jiri"]
[Result "1/2-1/2"]
[WhiteElo "1747"]
[BlackElo "1817"]
[PlyCount "48"]
[EventDate "2018.07.28"]

1. e4 e6 2. d3 d5 3. Nd2 Nf6 4. g3 c5 5. Ngf3 Be7 6. Bg2 Nc6 7. O-O O-O 8. Re1
Qc7 9. c3 dxe4 10. dxe4 e5 11. Qc2 h6 12. Nf1 Be6 13. Ne3 Rad8 14. Nf5 Rfe8 15.
Nxe7+ Rxe7 16. Be3 b6 17. h3 Red7 18. b3 Rd6 19. Nh4 Ne7 20. g4 Nh7 21. f4 f6
22. Nf3 Nc6 23. f5 Bc8 24. Rad1 Ba6 1/2-1/2

[Event "MCR senioru 2018 nad 70 let"]
[Site "Pelclovo divadlo Rychnov nad K"]
[Date "2018.08.01"]
[Round "5"]
[White "Vochozka, Jindrich"]
[Black "Macoun, Jiri"]
[Result "1-0"]
[WhiteElo "1800"]
[BlackElo "1825"]
[PlyCount "65"]
[EventDate "2018.07.28"]

1. d4 d5 2. c4 e6 3. Nc3 Bb4 4. e3 Nf6 5. Bd2 a6 6. a3 Bxc3 7. Bxc3 O-O 8. Rc1
Nc6 9. Nf3 h6 10. Bd3 b6 11. b4 dxc4 12. Bxc4 b5 13. Bd3 Bb7 14. O-O Qe7 15. e4
Rad8 16. Qb3 Rd7 17. Rfe1 Rfd8 18. Qb2 Ne8 19. Bb1 Nd6 20. Ba2 Na7 21. Ne5 Nxe4
22. Nxd7 Rxd7 23. Bb1 Nxc3 24. Qxc3 Qh4 25. Rcd1 Bd5 26. Qe3 Nc6 27. Be4 Qf6
28. Bxd5 Rxd5 29. Rc1 Nxd4 30. Rxc7 Qg6 31. Qe4 Re5 32. Rc8+ Kh7 33. Qxg6+ 1-0

[Event "MCR senioru 2018 nad 70 let"]
[Site "Pelclovo divadlo Rychnov nad K"]
[Date "2018.08.02"]
[Round "6"]
[White "Bakalar, Jan"]
[Black "Fiser, Jiri"]
[Result "1/2-1/2"]
[WhiteElo "1998"]
[BlackElo "1939"]
[PlyCount "22"]
[EventDate "2018.07.28"]

1. e4 c5 2. Nc3 Nc6 3. g3 g6 4. Bg2 Bg7 5. d3 e6 6. Be3 Nd4 7. Qd2 Ne7 8. Nd1
d6 9. c3 Ndc6 10. Bh6 O-O 11. Bxg7 Kxg7 1/2-1/2

[Event "MCR senioru 2018 nad 70 let"]
[Site "Pelclovo divadlo Rychnov nad K"]
[Date "2018.08.02"]
[Round "6"]
[White "Jablecnik, Gustav"]
[Black "Rucka, Alois"]
[Result "1-0"]
[WhiteElo "2081"]
[BlackElo "1933"]
[PlyCount "63"]
[EventDate "2018.07.28"]

1. e4 c5 2. Bc4 e6 3. Qe2 Nc6 4. c3 Be7 5. d3 d6 6. f4 Nf6 7. Bb3 O-O 8. Nf3
Qc7 9. O-O Bd7 10. Kh1 a5 11. a4 Qb6 12. Bc2 e5 13. Na3 Qc7 14. Nb5 Qb8 15. f5
Na7 16. Nxa7 Rxa7 17. g4 b5 18. g5 Ne8 19. axb5 Bxb5 20. c4 Bd7 21. h4 f6 22.
h5 fxg5 23. Bxg5 Nf6 24. h6 Rf7 25. b3 Kh8 26. Rg1 Qd8 27. Qh2 g6 28. fxg6 hxg6
29. Nh4 Kh7 30. Raf1 Be6 31. Nxg6 Kxg6 32. Bxf6+ 1-0

[Event "MCR senioru 2018 nad 70 let"]
[Site "Pelclovo divadlo Rychnov nad K"]
[Date "2018.08.02"]
[Round "6"]
[White "Slizek, Josef"]
[Black "Briza, Jiri"]
[Result "1/2-1/2"]
[WhiteElo "1948"]
[BlackElo "1942"]
[PlyCount "60"]
[EventDate "2018.07.28"]

1. e4 e5 2. Nf3 Nc6 3. Bb5 Nf6 4. d3 d6 5. h3 Be7 6. c3 a6 7. Ba4 b5 8. Bb3 Na5
9. Bc2 c5 10. a4 O-O 11. axb5 c4 12. dxc4 Nxc4 13. Qe2 Be6 14. bxa6 Na5 15.
Nbd2 Qc7 16. O-O Rfb8 17. Bd3 Nh5 18. b4 Nf4 19. Qe3 Qxc3 20. Rxa5 Qxd3 21. a7
Rxb4 22. Ba3 Rb7 23. Qxd3 Nxd3 24. Rb1 Rxb1+ 25. Nxb1 f6 26. Nc3 Bd8 27. Ra6
Bc4 28. Ra4 Bb3 29. Ra6 Bc4 30. Ra4 Bb3 1/2-1/2

[Event "MCR senioru 2018 nad 70 let"]
[Site "Pelclovo divadlo Rychnov nad K"]
[Date "2018.08.02"]
[Round "6"]
[White "Pojedziniec, Wladyslaw"]
[Black "Slovak, Martin"]
[Result "1-0"]
[WhiteElo "1913"]
[BlackElo "1701"]
[PlyCount "73"]
[EventDate "2018.07.28"]

1. d4 d5 2. Bf4 e6 3. e3 Bd6 4. Bg3 Nf6 5. Bd3 Bxg3 6. hxg3 Qd6 7. c3 Bd7 8.
Nf3 c5 9. Nbd2 c4 10. Bc2 b5 11. Qe2 Nc6 12. e4 Qe7 13. Ne5 Nxe5 14. dxe5 Nxe4
15. Bxe4 dxe4 16. Qxe4 Rc8 17. Rxh7 Rxh7 18. Qxh7 Qf8 19. Ne4 Rc6 20. Qh4 Qe7
21. Nd6+ Rxd6 22. Qh8+ Qf8 23. Qxf8+ Kxf8 24. exd6 Bc6 25. f3 Ke8 26. Kf2 Kd7
27. Rh1 Kxd6 28. Rh7 a5 29. a3 Kc5 30. Rxg7 f5 31. g4 fxg4 32. Rxg4 b4 33.
axb4+ axb4 34. Rg5+ Bd5 35. Ke3 bxc3 36. bxc3 Kd6 37. Kd4 1-0

[Event "MCR senioru 2018 nad 70 let"]
[Site "Pelclovo divadlo Rychnov nad K"]
[Date "2018.08.02"]
[Round "6"]
[White "Just, Pavel"]
[Black "Havrlik, Pavel"]
[Result "1/2-1/2"]
[WhiteElo "1978"]
[BlackElo "1823"]
[PlyCount "31"]
[EventDate "2018.07.28"]

1. e4 e6 2. d4 d5 3. e5 c5 4. Nf3 Qb6 5. Bd3 Bd7 6. O-O cxd4 7. Nbd2 Nc6 8. Nb3
Nge7 9. Re1 Ng6 10. h4 Be7 11. h5 Nh4 12. Nxh4 Bxh4 13. Qg4 Be7 14. Qxg7 O-O-O
15. Qh6 Rdg8 16. a3 1/2-1/2

[Event "MCR senioru 2018 nad 70 let"]
[Site "Pelclovo divadlo Rychnov nad K"]
[Date "2018.08.02"]
[Round "6"]
[White "Chmelik, Jiri"]
[Black "Kotva, Milan"]
[Result "1/2-1/2"]
[WhiteElo "1951"]
[BlackElo "1886"]
[PlyCount "61"]
[EventDate "2018.07.28"]

1. d4 d5 2. c4 c6 3. Nf3 Nf6 4. Nc3 dxc4 5. a4 Bf5 6. e3 e6 7. Bxc4 Bb4 8. O-O
O-O 9. Nh4 Bg4 10. f3 Bh5 11. g3 Nbd7 12. Qb3 a5 13. Na2 Be7 14. Ng2 Nb6 15.
Nf4 Nxc4 16. Nxh5 Nxh5 17. Qxc4 c5 18. Rd1 Qc7 19. Kg2 Rfd8 20. Nc3 Ra6 21. d5
Nf6 22. e4 exd5 23. exd5 Ne8 24. Bf4 Qc8 25. Rd2 Bd6 26. Bg5 f6 27. Be3 b6 28.
Nb5 Ra8 29. Re1 Qd7 30. Bf2 Nc7 31. Nc3 1/2-1/2

[Event "MCR senioru 2018 nad 70 let"]
[Site "Pelclovo divadlo Rychnov nad K"]
[Date "2018.08.02"]
[Round "6"]
[White "Jacek, Miloslav"]
[Black "Vochozka, Jindrich"]
[Result "1/2-1/2"]
[WhiteElo "1931"]
[BlackElo "1800"]
[PlyCount "46"]
[EventDate "2018.07.28"]

1. d4 d5 2. c4 e6 3. Nc3 Nf6 4. cxd5 exd5 5. Bg5 c6 6. e3 Be7 7. Bd3 Be6 8.
Nge2 Nbd7 9. Qc2 c5 10. dxc5 Bxc5 11. Nf4 Rc8 12. Qa4 O-O 13. O-O Qb6 14. Qc2
h6 15. Bh4 d4 16. exd4 Bxd4 17. Nxe6 Qxe6 18. Bf5 Qc6 19. Qd3 Bxc3 20. Rac1 Qa4
21. Bxf6 Bxf6 22. Rxc8 Rxc8 23. Bxd7 Qc2 1/2-1/2

[Event "MCR senioru 2018 nad 70 let"]
[Site "Pelclovo divadlo Rychnov nad K"]
[Date "2018.08.02"]
[Round "6"]
[White "Holecek, Vladimir"]
[Black "Stec, Frantisek"]
[Result "1-0"]
[WhiteElo "1869"]
[BlackElo "1925"]
[PlyCount "43"]
[EventDate "2018.07.28"]

1. e4 e5 2. Nf3 Nc6 3. Bb5 a6 4. Ba4 d6 5. Nc3 Bd7 6. d3 Nf6 7. Bg5 Be7 8. Bxf6
Bxf6 9. Nd5 O-O 10. c3 g6 11. Ne3 Bg5 12. Nxg5 Qxg5 13. Qf3 Nd4 14. cxd4 Bxa4
15. h4 Qe7 16. Nd5 Qd8 17. Nf6+ Kg7 18. h5 h6 19. dxe5 dxe5 20. Nd5 Bc6 21. Ne3
f5 22. Qg3 1-0

[Event "MCR senioru 2018 nad 70 let"]
[Site "Pelclovo divadlo Rychnov nad K"]
[Date "2018.08.02"]
[Round "6"]
[White "Trojan, Lubos"]
[Black "Vlasak, Ladislav"]
[Result "1-0"]
[WhiteElo "1995"]
[BlackElo "1766"]
[PlyCount "63"]
[EventDate "2018.07.28"]

1. d4 Nf6 2. Nf3 g6 3. g3 Bg7 4. Bg2 O-O 5. O-O c6 6. c4 d6 7. Nc3 Qa5 8. e4
Qh5 9. Qd3 Bh3 10. Ne2 Bxg2 11. Kxg2 e5 12. dxe5 dxe5 13. h3 g5 14. Bxg5 Qg6
15. Nc3 Nbd7 16. Be3 Rfe8 17. Nh4 Qh5 18. Nf5 h6 19. f3 Qg6 20. Qd2 h5 21. Rad1
Nf8 22. Rh1 Ne6 23. Kf2 c5 24. g4 Nd4 25. Nh4 Qh7 26. Rdg1 Kf8 27. g5 Nd7 28.
Nd5 Rac8 29. g6 Qg8 30. gxf7 Qxf7 31. Bh6 Ne6 32. Nf5 1-0

[Event "MCR senioru 2018 nad 70 let"]
[Site "Pelclovo divadlo Rychnov nad Kneznou, Panska ulice"]
[Date "2018.08.02"]
[Round "6"]
[White "Halla, Jiri"]
[Black "Vitek, Vaclav"]
[Result "1/2-1/2"]
[WhiteElo "1817"]
[BlackElo "1980"]
[EventDate "2018.07.28"]
[PlyCount "101"]

1. e4 c6 2. d4 d5 3. exd5 Qxd5 4. c4 Qd8 5. Nc3 g6 6. Nf3 Bg7 7. h3 Nh6 8. Bf4
f6 9. Qd2 Nf7 10. Rd1 O-O 11. Be2 Re8 12. O-O Na6 13. Rfe1 Nc7 14. b4 Ne6 15.
Bg3 Nf8 16. a4 a5 17. b5 Bd7 18. Rb1 cxb5 19. Nxb5 e5 20. dxe5 fxe5 21. Red1
Bc6 22. Qe3 Nd7 23. Bh4 Qc8 24. Ng5 Bh6 25. Qg3 Bxg5 26. Bxg5 Nc5 27. Be3 Ne4
28. Bg4 Nxg3 29. Bxc8 Ne2+ 30. Kf1 Rexc8 31. Kxe2 Bxg2 32. c5 Ra6 33. h4 Rf6
34. Rd2 Bf3+ 35. Ke1 h6 36. Rc1 g5 37. hxg5 hxg5 38. Rd7 Rf8 39. Nd6 Bc6 40.
Rxf7 R8xf7 41. Nxf7 Kxf7 42. Bxg5 Rg6 43. Bd8 Rg4 44. Bxa5 Rxa4 45. Bd2 Ke6 46.
Be3 Bf3 47. Kd2 Kd5 48. Rc2 Ra1 49. Kc3 Ra3+ 50. Kb2 Rd3 51. Rc3 1/2-1/2

[Event "MCR senioru 2018 nad 70 let"]
[Site "Pelclovo divadlo Rychnov nad K"]
[Date "2018.08.02"]
[Round "6"]
[White "Truksa, Vaclav"]
[Black "Tejkal, Jiri"]
[Result "1/2-1/2"]
[WhiteElo "1801"]
[BlackElo "1914"]
[PlyCount "145"]
[EventDate "2018.07.28"]

1. b4 e5 2. Bb2 Bxb4 3. Bxe5 Nf6 4. Nf3 Nc6 5. Bb2 d5 6. e3 O-O 7. Be2 Bg4 8.
O-O Re8 9. d4 Ne7 10. c4 c6 11. cxd5 Nexd5 12. a3 Ba5 13. Ne5 Bxe2 14. Qxe2 Nd7
15. Nf3 Re6 16. Nbd2 Rg6 17. Nc4 Bc7 18. g3 Qe7 19. Nce5 Re6 20. Qd3 f6 21. Nc4
Qf7 22. Nh4 Rae8 23. Rae1 Nf8 24. Bc1 g6 25. f3 R6e7 26. e4 Nb6 27. Nb2 Rd7 28.
Be3 Red8 29. f4 Ne6 30. Nf3 Nxd4 31. Bxd4 c5 32. Qc2 cxd4 33. Nd3 Qc4 34. Qb1
Na4 35. Rf2 Nc5 36. Nxc5 Qxc5 37. Qb3+ Kg7 38. Kg2 d3 39. e5 fxe5 40. fxe5 d2
41. Rd1 Qd5 42. Qb2 Kg8 43. Rdxd2 Qc6 44. Qb3+ Kg7 45. Rxd7+ Rxd7 46. Qb2 Re7
47. Re2 Qd5 48. e6+ Kg8 49. Qf6 Bd6 50. h4 Qf5 51. Qxf5 gxf5 52. Nd4 Bxa3 53.
Nxf5 Re8 54. g4 b5 55. g5 b4 56. Nd4 a5 57. Kf3 a4 58. Kg4 b3 59. Nb5 Bb4 60.
Kf5 a3 61. Nxa3 Bxa3 62. Re1 Be7 63. Rb1 Rb8 64. h5 Rb5+ 65. Ke4 Bxg5 66. Kd3
Kg7 67. Kc4 Rb8 68. Rxb3 Rxb3 69. Kxb3 Kh6 70. Kc2 Kxh5 71. Kd1 Kg4 72. Ke2 Kg3
73. Kf1 1/2-1/2

[Event "MCR senioru 2018 nad 70 let"]
[Site "Pelclovo divadlo Rychnov nad Kneznou, Panska ulice"]
[Date "2018.08.02"]
[Round "6"]
[White "Pavlicek, Petr"]
[Black "Vesely, Emanuel"]
[Result "1/2-1/2"]
[WhiteElo "1898"]
[BlackElo "1747"]
[EventDate "2018.07.28"]
[PlyCount "75"]

1. d4 Nf6 2. c4 e6 3. Nf3 b6 4. g3 Bb7 5. Bg2 Be7 6. O-O O-O 7. Nc3 d6 8. Qc2
Nbd7 9. Rd1 Qc8 10. e4 e5 11. Bh3 exd4 12. Nxd4 Qd8 13. Nf5 Re8 14. Nxe7+ Qxe7
15. Bg2 Rab8 16. Re1 a6 17. b3 Qe5 18. Bf4 Qh5 19. Qd1 Qg6 20. f3 Rbd8 21. Be3
h5 22. Rc1 Nh7 23. Nd5 Bxd5 24. cxd5 Rc8 25. Bh3 Re7 26. Bxd7 Rxd7 27. Bxb6 f5
28. Qd3 f4 29. Kg2 Nf6 30. Qxa6 Rf8 31. Bf2 fxg3 32. hxg3 Rdf7 33. Qe2 h4 34.
Rf1 Nh5 35. Qd1 Nxg3 36. Bxg3 Qxg3+ 37. Kh1 Qh3+ 38. Kg1 1/2-1/2

[Event "MCR senioru 2018 nad 70 let"]
[Site "Pelclovo divadlo Rychnov nad Kneznou, Panska ulice"]
[Date "2018.08.02"]
[Round "6"]
[White "Cermak, Tomas"]
[Black "Pokora, Lubomir"]
[Result "0-1"]
[WhiteElo "1705"]
[BlackElo "1891"]
[EventDate "2018.07.28"]
[PlyCount "79"]

1. d4 d5 2. f4 Bf5 3. e3 e6 4. Bd3 Bg6 5. Bxg6 hxg6 6. Nf3 Nd7 7. Nbd2 c5 8. c3
Nh6 9. Qe2 a6 10. e4 dxe4 11. Nxe4 cxd4 12. Nxd4 Nf5 13. Nxf5 gxf5 14. Ng5 Bc5
15. Be3 Bxe3 16. Qxe3 Qb6 17. Qd2 Rd8 18. O-O-O Ke7 19. Qe2 Nf6 20. Rxd8 Rxd8
21. h3 Rd5 22. g3 Qd6 23. Rd1 Rxd1+ 24. Qxd1 Qxd1+ 25. Kxd1 Nh5 26. Ke2 Nxg3+
27. Ke3 f6 28. Nf3 Ne4 29. h4 g6 30. c4 Kd6 31. Kd4 Ng3 32. b4 Nh5 33. Ke3 e5
34. fxe5+ fxe5 35. a4 f4+ 36. Kd3 Ng3 37. Ng5 Nf5 38. Nf3 Ke6 39. a5 Kd6 40.
c5+ {neèitelný zápis} 0-1

[Event "MCR senioru 2018 nad 70 let"]
[Site "Pelclovo divadlo Rychnov nad Kneznou, Panska ulice"]
[Date "2018.08.02"]
[Round "6"]
[White "Walter, Jaroslav"]
[Black "Klimes, Jiri"]
[Result "0-1"]
[WhiteElo "1650"]
[BlackElo "1853"]
[EventDate "2018.07.28"]
[PlyCount "32"]

1. e4 e5 2. Nc3 Nf6 3. Bc4 Bb4 4. Nge2 c6 5. a3 Ba5 6. f4 d5 7. exd5 exf4 8.
dxc6 Nxc6 9. b4 Bc7 10. Bb5 O-O 11. Bxc6 bxc6 12. O-O Bg4 13. Kh1 Qd6 14. d3 f3
15. Bf4 fxe2 16. Bxd6 exd1=Q 0-1

[Event "MCR senioru 2018 nad 70 let"]
[Site "Pelclovo divadlo Rychnov nad K"]
[Date "2018.08.03"]
[Round "7"]
[White "Fiser, Jiri"]
[Black "Pojedziniec, Wladyslaw"]
[Result "1/2-1/2"]
[WhiteElo "1939"]
[BlackElo "1913"]
[PlyCount "138"]
[EventDate "2018.07.28"]

1. e4 c6 2. d4 d5 3. f3 e6 4. Nc3 Bb4 5. Bf4 Nf6 6. Qd3 O-O 7. Nge2 c5 8. a3 c4
9. Qe3 Be7 10. e5 Nh5 11. Bg3 g6 12. Bf2 f5 13. f4 Nc6 14. g3 Rb8 15. Bg2 b5
16. O-O a5 17. Rfb1 b4 18. axb4 axb4 19. Na4 Bd7 20. b3 c3 21. Nc1 Ng7 22. Nd3
Ra8 23. Nac5 Qc7 24. Qe1 Ra7 25. Rxa7 Qxa7 26. Ra1 Qc7 27. Ra6 Rb8 28. Qa1 Bxc5
29. Nxc5 Bc8 30. Ra8 Bb7 31. Rxb8+ Qxb8 32. Qa4 Qc7 33. Bf1 Bc8 34. Bb5 Na7 35.
Bd3 Qb6 36. h3 Kf7 37. g4 h5 38. Kg2 hxg4 39. hxg4 fxg4 40. Kg3 Nf5+ 41. Kxg4
Ne7 42. Qa1 Nf5 43. Qh1 Kg8 44. Qh3 Qc7 45. Kf3 Nc6 46. Bxf5 gxf5 47. Qh5 Qf7
48. Qh4 Qh7 49. Qg5+ Qg7 50. Kg3 Kf7 51. Kh4 Qh7+ 52. Qh5+ Qxh5+ 53. Kxh5 Na5
54. Kh4 Ke7 55. Kg3 Bd7 56. Kf3 Bb5 57. Ke3 Nc6 58. Bh4+ Kf7 59. Nb7 Kg6 60.
Nd8 Nxd8 61. Bxd8 Bf1 62. Be7 Bg2 63. Bxb4 Be4 64. Bxc3 Bxc2 65. b4 Ba4 66. Bd2
Bb5 67. Be1 Kh6 68. Bh4 Kh5 69. Be7 Kg4 1/2-1/2

[Event "MCR senioru 2018 nad 70 let"]
[Site "Pelclovo divadlo Rychnov nad K"]
[Date "2018.08.03"]
[Round "7"]
[White "Holecek, Vladimir"]
[Black "Jablecnik, Gustav"]
[Result "0-1"]
[WhiteElo "1869"]
[BlackElo "2081"]
[PlyCount "70"]
[EventDate "2018.07.28"]

1. e4 d6 2. d4 g6 3. Nc3 Bg7 4. f4 c6 5. Nf3 Qc7 6. Be2 Nd7 7. Be3 b5 8. a3 a6
9. O-O Nb6 10. Nd2 d5 11. Bf3 e6 12. Ne2 Ne7 13. Ng3 dxe4 14. Bxe4 Nbd5 15.
Bxd5 Nxd5 16. Qf3 c5 17. Nb3 cxd4 18. Bxd4 Bxd4+ 19. Nxd4 Bb7 20. Qf2 O-O-O 21.
Rae1 Kb8 22. Re5 Nb6 23. c3 Bd5 24. Rfe1 h5 25. Nf1 Nd7 26. R5e2 Nf6 27. Nd2 h4
28. Qf1 h3 29. g3 Ng4 30. N4f3 Qc5+ 31. Nd4 Bg2 32. Rxg2 hxg2 33. Qe2 Rxd4 34.
Nb3 Qh5 35. h4 Rd6 0-1

[Event "MCR senioru 2018 nad 70 let"]
[Site "Pelclovo divadlo Rychnov nad K"]
[Date "2018.08.03"]
[Round "7"]
[White "Briza, Jiri"]
[Black "Bakalar, Jan"]
[Result "1/2-1/2"]
[WhiteElo "1942"]
[BlackElo "1998"]
[PlyCount "56"]
[EventDate "2018.07.28"]

1. e4 d5 2. exd5 Nf6 3. d4 Nxd5 4. Nf3 Bg4 5. Be2 e6 6. O-O c6 7. Ne5 Bxe2 8.
Qxe2 Be7 9. b3 O-O 10. c4 Nf6 11. Bb2 a5 12. Nd2 a4 13. c5 a3 14. Bc3 Nd5 15.
Qf3 Na6 16. Rfd1 Nac7 17. Ne4 f5 18. Ng3 Nb5 19. Be1 Qc7 20. Nh5 Bxc5 21. Nxc6
bxc6 22. dxc5 g6 23. Ng3 e5 24. Qd3 h5 25. Qc4 Kh7 26. Rxd5 cxd5 27. Qxb5 f4
28. Nf1 Rfb8 1/2-1/2

[Event "MCR senioru 2018 nad 70 let"]
[Site "Pelclovo divadlo Rychnov nad K"]
[Date "2018.08.03"]
[Round "7"]
[White "Klimes, Jiri"]
[Black "Trojan, Lubos"]
[Result "0-1"]
[WhiteElo "1853"]
[BlackElo "1995"]
[PlyCount "74"]
[EventDate "2018.07.28"]

1. e4 c5 2. Nf3 e6 3. d4 cxd4 4. Nxd4 a6 5. Bc4 b5 6. Bb3 Qc7 7. O-O Bb7 8. Nc3
Nf6 9. Re1 Nc6 10. a3 Nxd4 11. Qxd4 Bc5 12. Qd1 h5 13. g3 Ng4 14. Be3 Nxe3 15.
fxe3 Qe5 16. Qf3 O-O-O 17. Qf4 Qxf4 18. gxf4 h4 19. Kf2 g5 20. fxg5 Rdg8 21.
Rg1 Rh5 22. g6 fxg6 23. Rg4 Bd6 24. h3 g5 25. Ke2 Be5 26. Rf1 Rh7 27. Nd1 Kd8
28. c4 Bc6 29. Kd3 Ke7 30. Nc3 Rhg7 31. cxb5 axb5 32. Ra1 Rf7 33. a4 b4 34. Nd1
Rf3 35. Ke2 Rxh3 36. Nf2 Rh2 37. Kf1 Bg3 0-1

[Event "MCR senioru 2018 nad 70 let"]
[Site "Pelclovo divadlo Rychnov nad K"]
[Date "2018.08.03"]
[Round "7"]
[White "Zikmund, Jaroslav"]
[Black "Just, Pavel"]
[Result "1/2-1/2"]
[WhiteElo "1826"]
[BlackElo "1978"]
[PlyCount "63"]
[EventDate "2018.07.28"]

1. d4 Nf6 2. c4 e6 3. Nc3 Bb4 4. Qc2 b6 5. e3 Bb7 6. f3 Bxc3+ 7. bxc3 d6 8. Bd3
Nbd7 9. Ne2 O-O 10. O-O h6 11. e4 c5 12. Be3 Qc7 13. Qd2 h5 14. h4 Rfe8 15. Nf4
Ba6 16. d5 Ne5 17. Qe2 Rab8 18. Rfb1 g6 19. Qf1 Kg7 20. Be2 Qe7 21. a4 exd5 22.
cxd5 Bxe2 23. Qxe2 Nfd7 24. Bf2 Qf6 25. Nd3 Ra8 26. Bg3 Nxd3 27. Qxd3 Ne5 28.
Qe3 Nc4 29. Qd3 Ne5 30. Qe3 Nc4 31. Qd3 Na5 32. c4 1/2-1/2

[Event "MCR senioru 2018 nad 70 let"]
[Site "Pelclovo divadlo Rychnov nad K"]
[Date "2018.08.03"]
[Round "7"]
[White "Havrlik, Pavel"]
[Black "Chmelik, Jiri"]
[Result "0-1"]
[WhiteElo "1823"]
[BlackElo "1951"]
[PlyCount "80"]
[EventDate "2018.07.28"]

1. c4 Nf6 2. Nc3 e5 3. Nf3 Nc6 4. d4 exd4 5. Nxd4 Nxd4 6. Qxd4 d6 7. e4 Be7 8.
Be2 O-O 9. O-O Re8 10. h3 Nd7 11. Nd5 Bf8 12. f4 c6 13. Nc3 d5 14. Qd3 Nc5 15.
Qd4 Nxe4 16. Nxe4 Rxe4 17. Qf2 dxc4 18. Bf3 Re8 19. Be3 Bf5 20. Bxa7 Bd3 21.
Bb6 Qf6 22. Bd4 Qxf4 23. Rfe1 Bd6 24. g3 Qxg3+ 25. Qxg3 Bxg3 26. Rxe8+ Rxe8 27.
a4 Re1+ 28. Rxe1 Bxe1 29. Bc3 Bxc3 30. bxc3 f5 31. a5 Be4 32. Be2 Bd5 33. Kf2
f4 34. Bg4 c5 35. Bc8 Kf7 36. a6 bxa6 37. Bxa6 Kf6 38. h4 g6 39. Bc8 h6 40. Bg4
g5 0-1

[Event "MCR senioru 2018 nad 70 let"]
[Site "Pelclovo divadlo Rychnov nad K"]
[Date "2018.08.03"]
[Round "7"]
[White "Kotva, Milan"]
[Black "Jacek, Miloslav"]
[Result "1-0"]
[WhiteElo "1886"]
[BlackElo "1931"]
[PlyCount "49"]
[EventDate "2018.07.28"]

1. e4 d5 2. exd5 Qxd5 3. Nc3 Qd6 4. d4 Nf6 5. Bc4 a6 6. Nf3 Nc6 7. Be3 Bg4 8.
Qd2 Bxf3 9. gxf3 e5 10. d5 Ne7 11. O-O-O Ng6 12. h4 Qb4 13. Bb3 h5 14. Qd3
O-O-O 15. Bg5 Be7 16. Rhe1 Kb8 17. a3 Qa5 18. Bd2 Qc5 19. Ne4 Nxe4 20. Rxe4
Bxh4 21. Be3 Qe7 22. Rb4 Qf6 23. Ba4 Bg5 24. Rxb7+ Kxb7 25. Bc6+ 1-0